000 04043nas a22003495i 4500
001 1936-6450
003 DE-He213
005 20260304140634.0
007 cr nn 008mamaa
008 150723s||||||||xxuuu poo|||||| b|EN |d
022 _a1936-6450
024 7 _a10.1007/12083.1936-6450
_2doi
210 1 0 _aPeer-to-Peer Netw. Appl.
245 1 0 _aPeer-to-Peer Networking and Applications
_h[electronic resource] /
_cedited by Xuemin (Sherman) Shen.
264 1 _aNew York :
_bSpringer US :
_bImprint: Springer.
300 _bonline resource.
520 _aPeer-to-Peer Networking and Applications (P2PNA) has received significant attention from both academia and industry in recent years. The aim of the Peer-to-Peer Networking and Applications journal is to disseminate state-of-the-art research and development results in this rapidly growing research area, to facilitate the deployment of P2P networking and applications, and to bring together the academic and industry communities, with the goal of fostering interaction to promote further research interests and activities, thus enabling new P2P applications and services. The journal not only addresses research topics related to networking and communications theory, but also considers the standardization, economic, and engineering aspects of P2P technologies, and their impacts on software engineering, computer engineering, networked communication, and security. Peer-to-Peer Networking and Applications is committed to the timely publication of high-quality, original papers that advance the cutting-edge research in the area of peer-to-peer networking, services, and applications. The journal serves as a forum for tackling the technical problems arising from both file sharing and media streaming applications. It also includes state-of-the-art technologies in the P2P security domain. Peer-to-Peer Networking and Applications publishes regular papers, tutorials and review papers, case studies, and correspondence from the research, development, and standardization communities. Papers addressing system, application, and service issues are encouraged. The Journal covers all subject areas of peer-to-peer networking and applications including, but not limited to: P2P ad hoc and sensor networks P2P application and services P2P content access and distribution P2P economics P2P enabled technologies P2P file sharing P2P media streaming P2P multicasting and multimedia delivery P2P overlay networks P2P security issues P2P wireless and mobile networks Architectures and protocols Convergence/co-existence of P2P and other networks Data and index structures Modeling, performance and robustness QoS Replication and load-balancing strategies Semantic routing and search It is the policy of the journal that no submission, or substantially overlapping submission, be published or be under review at another journal. Papers extending previously published conference papers are acceptable, as long as the journal submission provides a significant contribution beyond the conference paper, and the overlap is noted clearly at the beginning of the journal submission. If you have any question about whether the overlap with another paper is "substantial," please include in the paper a discussion of the similarities and differences with other papers, including the unique contribution(s) of the PPNA submission.
650 0 _aTelecommunication.
650 0 _aComputer engineering.
650 0 _aComputer networks .
650 0 _aComputer networks .
650 0 _aSignal processing.
650 1 4 _aCommunications Engineering, Networks.
650 2 4 _aComputer Engineering and Networks.
650 2 4 _aComputer Communication Networks.
650 2 4 _aSignal, Speech and Image Processing.
700 1 _aShen, Xuemin (Sherman).
_eeditor.
_4edt
_4http://id.loc.gov/vocabulary/relators/edt
_924091
710 2 _aSpringerLink (Online service)
776 0 8 _iPrinted version:
_x1936-6442
856 4 0 _uhttps://doi.org/10.1007/12083.1936-6450
_zOpen Access
999 _c455413
_d455413